000 00309nam a22001337a 4500
003 SISC
005 20141205124318.0
008 141205b xxu||||| |||| 00| 0 eng d
010 _aMPH
100 _aGong, Kheong
245 _aMy pals are here: Math 5A workbook
250 _a2nd edition
942 _2lcc
_cBK
999 _c276897
_d276897